| 000 | 00454nam a22001817a 4500 | ||
|---|---|---|---|
| 003 | Ost | ||
| 005 | 20220902180418.0 | ||
| 008 | 220902b |||||||| |||| 00| 0 eng d | ||
| 020 | _aNA | ||
| 040 | _cBT-PhCST | ||
| 050 | _a4550 | ||
| 082 |
_222 _a628.321 |
||
| 100 | _aCheremisinoff, Nicholas P. | ||
| 245 | _aBiotechnology for waste and wastewater treatment / | ||
| 260 |
_aIndia, _bPrentice Hall, _cc2003. |
||
| 300 |
_a0 _bill. ; |
||
| 942 |
_2ddc _cCIVIL |
||
| 999 |
_c3157 _d3157 |
||